Combating terrorism: role of the National Guard response teams : hearing before the Subcommittee on National Security, Veterans Affairs, and International Relations of the Committee on Government Reform, House of Representatives, One Hundred Sixth Congress, first session, June 23, 1999.

Bibliographic Details
Corporate Author: United States. Congress. House. Committee on Government Reform. Subcommittee on National Security, Veterans Affairs, and International Relations (Author)
Format: Government Document eBook
Language:English
Published: Washington : U.S. Government Printing Office, 1999.
Subjects:
Online Access:https://purl.fdlp.gov/GPO/gpo90626

MARC

Tag First Indicator Second Indicator Subfields
LEADER 00000cam a2200000 i 4500
001 in00004044751
005 20181023093645.0
006 m o d f
007 cr bn|||||||||
008 120717s1999 dcu ob f000 0 eng c
019 |a 654114518  |a 806009725 
035 |a (OCoLC)ocn799988137 
040 |a OCLCE  |b eng  |e rda  |e pn  |c OCLCE  |d OCLCO  |d OCLCQ  |d OCLCF  |d OCLCQ  |d OCLCO  |d CWCLL  |d OCL  |d OCLCA  |d NJR  |d BUF  |d OCLCQ  |d GPO  |d MvI  |d UtOrBLW 
042 |a pcc 
043 |a n-us--- 
049 |a WWW 
050 4 |a KF27  |b .G6689 1999b 
074 |a 1016-C (online) 
086 0 |a Y 4.G 74/7:T 27/5 
088 |a Serial no. 106-32 (United States. Congress. House. Committee on Government Reform) 
110 1 |a United States.  |b Congress.  |b House.  |b Committee on Government Reform.  |b Subcommittee on National Security, Veterans Affairs, and International Relations,  |e author.  |0 http://id.loc.gov/authorities/names/no99019460 
245 1 0 |a Combating terrorism: role of the National Guard response teams :  |b hearing before the Subcommittee on National Security, Veterans Affairs, and International Relations of the Committee on Government Reform, House of Representatives, One Hundred Sixth Congress, first session, June 23, 1999. 
264 1 |a Washington :  |b U.S. Government Printing Office,  |c 1999. 
300 |a 1 online resource (iii, 69 pages) 
336 |a text  |b txt  |2 rdacontent 
337 |a computer  |b c  |2 rdamedia 
338 |a online resource  |b cr  |2 rdacarrier 
500 |a "Serial number 106-32." 
504 |a Includes bibliographical references. 
588 |a Description based on online resource; title from PDF title page (govinfo, viewed Apr. 9, 2018). 
651 0 |a United States  |x National Guard.  |0 http://id.loc.gov/authorities/subjects/sh85140385 
650 0 |a Emergency management  |z United States.  |0 http://id.loc.gov/authorities/subjects/sh2008102968 
650 0 |a Civil defense  |z United States.  |0 http://id.loc.gov/authorities/subjects/sh85139930 
650 0 |a Intergovernmental cooperation  |z United States.  |0 http://id.loc.gov/authorities/subjects/sh2008104251 
650 0 |a Interagency coordination  |z United States.  |0 http://id.loc.gov/authorities/subjects/sh2008123696 
650 0 |a Weapons of mass destruction  |z United States  |x Safety measures. 
650 0 |a Domestic terrorism  |z United States  |x Prevention. 
650 7 |a Civil defense.  |2 fast  |0 (OCoLC)fst00862456 
650 7 |a Armed Forces.  |2 fast  |0 (OCoLC)fst00814586 
650 7 |a Terrorism  |x Prevention.  |2 fast  |0 (OCoLC)fst01148123 
651 7 |a United States.  |2 fast  |0 (OCoLC)fst01204155 
655 7 |a Legislative hearings.  |2 lcgft  |0 http://id.loc.gov/authorities/genreForms/gf2011026362 
776 0 8 |i Print version:  |a United States. Congress. House. Committee on Government Reform. Subcommittee on National Security, Veterans Affairs, and International Relations.  |t Combating terrorism  |w (DLC) 00301723  |w (OCoLC)43440616 
856 4 0 |u https://purl.fdlp.gov/GPO/gpo90626  |t 0 
999 f f |s 6dd599e1-0177-3760-a6c2-084df78d394f  |i 311126eb-aa6d-3efc-bdbc-96f50842a71c  |t 0 
952 f f |a Texas A&M University  |b College Station  |c Electronic Resources  |d Available Online  |t 0  |e Y 4.G 74/7:T 27/5  |h Superintendent of Documents classification 
998 f f |a Y 4.G 74/7:T 27/5  |t 0  |l Available Online